| 000 | 00469nam a2200181Ia 4500 | ||
|---|---|---|---|
| 001 | 19770 | ||
| 005 | 20260306172717.0 | ||
| 008 | 260306t2013||||xx |||||||||||||| ||spa|| | ||
| 041 | _aESP | ||
| 082 |
_a341.1 _bA95 |
||
| 100 |
_aAyuso, Miguel (ed.) _eAUT |
||
| 245 | 0 |
_aEl bien común: _bcuestiones actuales e implicaciones político-jurídicas |
|
| 260 | _c2013 | ||
| 300 |
_a309 páginas : _c21cm. |
||
| 650 | _aGEN | ||
| 654 | _aCDE | ||
| 942 |
_cLIB _dJUS _fJUS _2ddc _n |
||
| 999 |
_c19770 _d19770 |
||